| Tag |
First Indicator |
Second Indicator |
Subfields |
| LEADER |
00000cam a22000008i 4500 |
| 001 |
in00000670113 |
| 005 |
20160115102720.0 |
| 008 |
780821s1978 ne b 00110 eng |
| 010 |
|
|
|a 78011896
|
| 020 |
|
|
|a 9024720672 (pbk.)
|
| 035 |
|
|
|a (OCoLC)04211267
|
| 035 |
|
|
|9 ACY8403AM
|
| 040 |
|
|
|a DLC
|c DLC
|d TXA
|d UtOrBLW
|
| 043 |
|
|
|a e------
|
| 049 |
|
|
|a TXAM
|c [983148]
|
| 050 |
0 |
0 |
|a D309
|b .P73
|
| 082 |
0 |
|
|a 327/.172/094
|
| 100 |
1 |
|
|a Presseisen, Ernst Leopold,
|d 1928-
|
| 245 |
1 |
0 |
|a Amiens and Munich :
|b comparisons in appeasement /
|c by Ernst L. Presseisen.
|
| 263 |
|
|
|a 8006
|
| 264 |
|
1 |
|a The Hague :
|b Martinus Nijhoff,
|c 1978.
|
| 300 |
|
|
|a x, 153 pages ;
|c 25 cm.
|
| 336 |
|
|
|a text
|b txt
|2 rdacontent
|
| 337 |
|
|
|a unmediated
|b n
|2 rdamedia
|
| 338 |
|
|
|a volume
|b nc
|2 rdacarrier
|
| 500 |
|
|
|a Includes index.
|
| 504 |
|
|
|a Bibliography: pages [133]-148.
|
| 630 |
0 |
0 |
|a Treaty of Amiens
|d (1802).
|
| 630 |
0 |
0 |
|a Munich Four-Power Agreement
|d (1938)
|
| 651 |
|
0 |
|a Europe
|x Politics and government
|y 1789-1815.
|
| 651 |
|
0 |
|a Europe
|x Politics and government
|y 1918-1945.
|
| 999 |
|
|
|a MARS
|
| 999 |
f |
f |
|s b1c6bfd3-d22e-3150-b736-3fab4b4551e8
|i affb0054-682e-3495-ba14-03183ee5eabe
|t 0
|
| 952 |
f |
f |
|p ric
|a Texas A&M University
|b Rellis Campus
|c Joint Library Facility
|d Remote Storage
|t 0
|e D309 .P73
|h Library of Congress classification
|i unmediated -- volume
|m A14801877407
|
| 998 |
f |
f |
|a D309 .P73
|t 0
|l Remote Storage
|